La bolsa amarilla /
Guardado en:
| Autor Principal: | |
|---|---|
| Otros Autores: | |
| Formato: | Libro |
| Publicado: |
Buenos Aires :
Norma,
201.
|
| Series: | Torre de Papel. Azul
|
| Materias: | |
| Etiquetas: |
Agregar Etiqueta
Sin Etiquetas, Sea el primero en etiquetar este registro!
|
| LEADER | 01060nam a22002655a 4500 | ||
|---|---|---|---|
| 001 | CEM.cems019056 | ||
| 008 | 220426s2018####ag############000#0#####d | ||
| 005 | 20260616150857.0 | ||
| 245 | 1 | 0 | |a La bolsa amarilla / |c Lygia Bojunga ; ilustrado por Esperanza Vallejo. |
| 260 | |a Buenos Aires : |b Norma, |c 201. | ||
| 300 | |a 147 p. | ||
| 490 | 1 | |a Torre de Papel. Azul | |
| 505 | 0 | |a Los deseos -- La bolsa amarilla -- El gallo -- Historia del gancho de pañal -- La vuelta de la escuela -- El almuerzo -- Terrible se marcha -- Historia de un gallo de pelea y de un carrete de hilo fuerte -- Comencé a pensar diferente -- En la playa | |
| 500 | |a Traducido por Elkin Obregón. | ||
| 020 | |a 9789504645993 | ||
| 100 | 1 | |a Laragione, Lucía | |
| 700 | 1 | |a Vallejo, Esperanza; il. | |
| 653 | |a Literatura Brasilera | ||
| 653 | |a Literatura juvenil | ||
| 653 | |a Cuentos brasileros | ||
| 653 | |a Cuentos juveniles | ||
| 653 | |a Cuentos | ||
| 653 | |a Narrativa Brasilera | ||
| 653 | |a Cuentos Infantiles | ||
| 859 | |a CEMS |b BIB. CEMS - 11 de abril |h B869.34LS1 |i B637 |p 29306.22 |t Ej. 1 | ||
